| 000 | 00756cab a2200253 4500 | ||
|---|---|---|---|
| 001 | WB3441-12 | ||
| 008 | 090401t1998 xxu||||| |||| 00| 0 eng d | ||
| 035 | _a(Sirsi) u89290 | ||
| 041 | _aeng | ||
| 245 | _aSlimmer fuel bills | ||
| 260 | _c1998 | ||
| 350 | _a0 | ||
| 490 |
_aDaily Telegraph _v24 October 1998, B12(1) |
||
| 520 | _aThe Energy Saving Trust claims that homeowners could save up to 40% on annual fuel bills by making a few simple changes to their homes. Diagram. | ||
| 650 | _aENERGY EFFICIENCY | ||
| 650 | _aENERGY SAVING TRUST | ||
| 650 | _aFUEL BILLS | ||
| 650 | _aHOME IMPROVEMENTS | ||
| 650 | _aHOMEOWNERS | ||
| 650 | _aVALUE | ||
| 690 | _aENVIRONMENTAL AND LAND CONSULTANCY-ENERGY | ||
| 942 | _n0 | ||
| 948 | _c27/10/1998 | ||
| 999 |
_c56470 _d56470 |
||